Customer Insights Kundenbedürfnisse und Konsumentenverhalten verstehen

Na minha lista:
Detalhes bibliográficos
Autor principal: Rashedi, Jonas
Formato: Livro
Idioma:alemão
Publicado em: Wiesbaden Springer Gabler 2024
Assuntos:
Tags: Adicionar Tag
Sem tags, seja o primeiro a adicionar uma tag!

MARC

LEADER 00000nam a2200000 4500
001 0300000
005 20240604084526.6
020 |a 978-3-658-43391-8 
041 0 |a ger 
044 |a DE 
245 1 0 |a Customer Insights  |b Kundenbedürfnisse und Konsumentenverhalten verstehen  |c Jonas Rashedi 
264 1 |a Wiesbaden  |b Springer Gabler  |c 2024 
300 |a 135 s. 
610 2 0 |a správanie spotrebiteľa 
610 2 0 |a rozhodovanie nákupné 
610 2 0 |a segmentácia 
610 2 0 |a marketing 
610 2 0 |a stratégia marketingová 
100 1 |a Rashedi, Jonas